Kill'Em All - Metallica - Statistiques

Statistiques générales
  • Ce quiz a été pris 92 fois
  • Le résultat moyen est 7 sur 10
Statistiques - réponses
KILL EM' ALL % Correct
9 Seek & Destroy
94%
2 The Four Horsemen
90%
1 Hit The Lights
74%
5 (Anesthesia) Pulling Teeth
67%
4 Jump In The Fire
64%
10 Metal Militia
64%
6 Whiplash
64%
7 Phantom Lord
62%
3 Motorbreath
60%
8 No Remorse
51%
Aucun quiz correspondant
Distribution des résultats
% des personnes avec chaque résultat
Percentile par nombre de réponses
Votre historique - résultats
Vous n’avez pas pris ce quiz